书目信息 |
| 书名: | Wide as the waters | |
| 作者: | Benson Bobrick. | |
| 分册号: | ||
| 分册名: | 出版地: | New York : |
|
| 出版社: | Simon & Schuster | |
| 出版时间: | c2001. | |
| 页数: | 379 p. ; | |
| 开本: | 24 cm. | |
| 丛书名: | ||
| 中图分类号: | ||
| 科图分类号: | ||
| 其他分类号: | B929 | |
| 主题词: | ||
| 电子资源: | http://www.loc.gov/catdir/description/simon031/00066174.html http://www.loc.gov/catdir/bios/simon051/00066174.html http://www.loc.gov/catdir/enhancements/fy0640/00066174-s.html | |
| 000 | 01448cam a2200325 a 450 | |
| 001 | E0758015387 | |
| 005 | 20070711160842.89 | |
| 008 | 001115s2001 nyu b 001 0 eng | |
| 010 | @a00066174 | |
| 020 | @a0684847477. | |
| 040 | @aDLC@cDLC@dDLC | |
| 042 | @apcc | |
| 043 | @ae-uk-en | |
| 050 | 00 | @aBS455@b.B62 2001 |
| 082 | 00 | @a220.5/2/009@2 21 |
| 090 | @aB929 | |
| 099 | @dB929@ex62 | |
| 100 | 1 | @aBobrick, Benson,@d1947- |
| 245 | 10 | @aWide as the waters :@bthe story of the English Bible and the revolution it inspired / @cBenson Bobrick. |
| 260 | @aNew York :@bSimon & Schuster,@cc2001. | |
| 300 | @a379 p. ;@c24 cm. | |
| 504 | @aIncludes bibliographical references (p. 345-357) and index. | |
| 630 | 00 | @aBible.@lEnglish@xVersions@xHistory. |
| 630 | 00 | @aBible@zEngland@xHistory. |
| 856 | 42 | @3 Publisher description@uhttp://www.loc.gov/catdir/description/simon031/00066174.html |
| 856 | 42 | @3 Contributor biographical information@uhttp://www.loc.gov/catdir/bios/simon051/00066174.html |
| 856 | 41 | @3 Sample text@uhttp://www.loc.gov/catdir/enhancements/fy0640/00066174-s.html |
| 906 | @a7@bcbc@corignew@d1@eocip@f20@gy-gencatlg | |
| 925 | 0 | @aacquire@b2 shelf copies@xpolicy default |
| 955 | @ato HLCD pc17 11-15-00; sh20 11-21-00; sh06 (subj) 11-22-00; sh43 to Dewey 11-24-00; aa05 11-27-00@aCAD uf12 2003-02-24@aps17 2003-04-29 bk rec’d, to CIP ver.@fpv10 2003-05-09 CIP ver to BCCD;@eSD77 2003-09-10 c.2 to BCCD | |
| Wide as the waters : : the story of the English Bible and the revolution it inspired / / Benson Bobrick.-New York : : Simon & Schuster, , c2001. |
| 379 p. ; ; 24 cm. |
| Includes bibliographical references (p. 345-357) and index. |
| ISBN 0684847477. |
| ● |
| 相关链接 |
|
|
|
|
正题名:Wide as the waters
索取号:B929/x62
 
预约/预借
| 序号 | 登录号 | 条形码 | 馆藏地/架位号 | 状态 | 备注 |
| 1 | 11798 | 300117987 | 第二样本阅览室/ [索取号:B929/x62] | 在馆 |